Statistics for All Slavic Languages With a Map

Click here to take the quiz!

General Stats

  • This quiz has been taken 43,040 times
    (39,443 since last reset)
  • The average score is 14 of 18

Answers on the Map

Answers color-coded by a green-red scale on the quiz's map according to % correct below.
 

Answer Stats

SubdivisionDialectL1Language
or Dialect
% Correct
East Slavic-150 mRussian
100%
West Slavic-38 mPolish
98%
South Slavic-24 mSerbo-Croatian
97%
East Slavic-32 mUkrainian
97%
West Slavic-10 mCzech
96%
West Slavic-5.2 mSlovak
96%
South Slavic-7.8 mBulgarian
94%
South Slavic-2.1 mSlovene
94%
South SlavicSerbo-Croatian5.6 mCroatian
92%
South SlavicSerbo-Croatian9.0 mSerbian
92%
South Slavic-1.4 mMacedonian
91%
East Slavic-3.3 mBelarusian
89%
South SlavicSerbo-Croatian2.5 mBosnian
87%
South SlavicSerbo-Croatian240 kMontenegrin
48%
West SlavicPolish522 kSilesian
25%
East Slavic70 kRusyn
20%
West Slavic-20 kSorbian
20%
West Slavic-50 kKashubian
17%

Score Distribution

Percentile by Number Answered

Percent of People with Each Score

Your Score History

You have not taken this quiz since the last reset